| 000 | 00420nam a2200157Ia 4500 | ||
|---|---|---|---|
| 008 | 151213s9999 xx 000 0 und d | ||
| 100 | _aWeygandt Kieso , Kimmel | ||
| 245 |
_aAccounting of Principles _cWeygandt Kieso , Kimmel |
||
| 250 | _a8th | ||
| 260 |
_aNew York _bJohawiley & Sons _c2007 |
||
| 300 | _a4269 p. | ||
| 650 | _aAccounting | ||
| 650 | _aAccounting | ||
| 700 | _aWeygandt Kieso , Kimmel | ||
| 999 |
_c2692 _d2692 |
||